Methods Applicable in Innovation Management

Manažment inovácií je v súčasnosti rýchlo sa rozvíjajúcou oblasťou podnikania. Rast postreby uvádzania nových procesov a výrobkov na trh a využívanie nových alebo zabudovaných metód. Predstavenie troch metód použiteľných v oblasti riadenia inovácií. Metóda Stage Gating, použiteľná pri projektovom ri...

ver descrição completa

Na minha lista:
Detalhes bibliográficos
Autor principal: Čerňanský, Juraj
Formato: Capítulo de Livro
Idioma:inglês
Assuntos:
Tags: Adicionar Tag
Sem tags, seja o primeiro a adicionar uma tag!

MARC

LEADER 00000naa a2200000 4500
001 0257980
005 20240208112114.2
041 0 |a eng 
044 |a SK 
245 1 0 |a Methods Applicable in Innovation Management  |c Juraj Čerňanský 
520 |a Manažment inovácií je v súčasnosti rýchlo sa rozvíjajúcou oblasťou podnikania. Rast postreby uvádzania nových procesov a výrobkov na trh a využívanie nových alebo zabudovaných metód. Predstavenie troch metód použiteľných v oblasti riadenia inovácií. Metóda Stage Gating, použiteľná pri projektovom riadení a ponúkajúca možnosť účinného a jasne definovaného riadenia inovačného procesu. Metóda The Innovation Maturity Level odráža stav podniku v oblasti inovácií a ponúka príležitosť pochopiť, ako môžu podniky získať prístup k inováciám. Metóda Design Thinking využiteľná v rôznych riešeniach navrhovania alebo v problémoch, ktoré sa musia odrážať v modelových situáciách. 
610 2 0 |a manažment inovačný 
610 2 0 |a riadenie projektové 
610 2 0 |a metódy riadenia 
610 2 0 |a podnikanie 
610 2 0 |a podnik 
610 2 0 |a vývoj podniku 
100 1 |a Čerňanský, Juraj